Wszystkie karty toty w fifach - Statystyki

Ogólne statystyki
  • Ten quiz został rozwiązany 686 razy
  • Średni wynik to 75 z 135
Statystyki odpowiedzi
Fifa Zawodnik % Poprawnych
10 (93 ovr) | 11 (94 ovr) | 12 (97 ovr) | +9 others Cristiano Ronaldo
95%
10 (94 ovr) | 11 (96 ovr) | 12 (99 ovr) | +9 others Lionel Messi
94%
21 (98 ovr) Robert Lewandowski
84%
16 (97 ovr) | 19 (12 zawodnik) (97 ovr) Neymar
73%
12 (93 ovr) | 13 (93 ovr) | 14 (91 ovr) | +6 others Sergio Ramos
73%
19 (97 ovr) | 20 (98 ovr) | 21 (97 ovr) Kylian Mbappe
72%
18 (96 ovr) | 19 (97 ovr) | 20 (98 ovr) | 21 (96 ovr) Kevin De Bruyne
69%
14 (91 ovr) | 15 (96 ovr) | 16 (96 ovr) | +2 others Manuel Neuer
68%
16 (93 ovr) | 17 (96 ovr) | 18 (96 ovr) | 19 (99 ovr) Luka Modric
67%
19 (95 ovr) | 20 (99 ovr) | 21 (96 ovr) Virgil Van Dijk
66%
10 (90 ovr) | 11 (91 ovr) | 12 (94 ovr) | +2 others Xavi
61%
10 (89 ovr) | 11 (91 ovr) | 13 (96 ovr) | +4 others Andres Iniesta
58%
13 (89 ovr) | 16 (89 ovr) | 17 (93 ovr) | +2 others Marcelo
58%
12 (91 ovr) | 13 (90 ovr) | 14 (89 ovr) | +3 others Dani Alves
57%
20 (95 ovr) | 21 (94 ovr) Trent Alexander Arnold
53%
18 (95 ovr) | 19 (96 ovr) | 20 (97 ovr) Ngolo Kante
52%
20 (97 ovr) Alisson
50%
15 (93 ovr) | 17 (95 ovr) Toni Kroos
48%
10 (85 ovr) | 11 (89 ovr) | 13 (92 ovr) | 17 (95 ovr) Gerard Pique
46%
17 (98 ovr) Luis Suarez
46%
18 (97 ovr) | 19 (97 ovr) David De Gea
43%
20 (94 ovr) Andrew Robertson
41%
21 (97 ovr) Bruno Fernandes
41%
20 (97 ovr) Sadio Mane
40%
21 (93 ovr) Alphonso Davies
39%
21 (96 ovr) Joshua Kimmich
39%
10 (91 ovr) | 11 (92 ovr) | 12 (93 ovr) | 13 (95 ovr) Iker Casillas
38%
15 (89 ovr) David Luiz
33%
19 (96 ovr) Raphael Varane
33%
14 (94 ovr) Zlatan Ibrahimovic
33%
15 (96 ovr) Arjen Robben
32%
18 (96 ovr) Harry Kane
32%
14 (95 ovr) Franck Ribery
31%
16 (93 ovr) Paul Pogba
31%
12 (92 ovr) | 14 (92 ovr) | 15 (93 ovr) | 16 (94 ovr) Thiago Silva
31%
18 (96 ovr) Leonardo Bonucci
26%
15 (94 ovr) Angel Di Maria
23%
10 (91 ovr) | 11 (90 ovr) Carles Puyol
20%
20 (94 ovr) Frenkie De Jong
20%
13 (94 ovr) Falcao
18%
12 (93 ovr) | 13 (93 ovr) Xabi Alonso
18%
12 (85 ovr) Jordi Alba
17%
12 (93 ovr) Wayne Rooney
17%
20 (96 ovr) Matthijs De Ligt
15%
14 (92 ovr) | 15 (95 ovr) Philipp Lahm
15%
10 (93 ovr ) | 11 (90 ovr) David Villa
12%
10 (92 ovr) | 11 (89 ovr) Maicon
8%
10 (87 ovr) | 11 (89 ovr) Wesley Sneijder
8%
12 (91 ovr) David SIlva
5%
10 (89 ovr) Lucio
5%
11 (86 ovr) Ashley Cole
3%
Nie znaleziono quizów pasujących do podanych kryteriów
Rozkład punktacji
Procent ludzi z każdym wynikiem
Percentyl według liczby udzielonych odpowiedzi
Twoja historia wyników
Nie rozwiązałeś tego quizu